Central Library OPAC University of Rajshahi

আনতাই পানতাই খরগরোশ = (Untai Pattaya Raggers) / (Record no. 70996)

MARC details
000 -LEADER
fixed length control field 00813nam a2200229 a 4500
001 - CONTROL NUMBER
control field 70996
003 - CONTROL NUMBER IDENTIFIER
rucl marc code BD-RjUL
005 - DATE AND TIME OF LATEST TRANSACTION
control field 20211209082051.0
008 - FIXED-LENGTH DATA ELEMENTS--GENERAL INFORMATION
fixed length control field 170423s1974 b a|||| |||| 00| 0 ben d
020 ## - INTERNATIONAL STANDARD BOOK NUMBER
Terms of availability : Tk. 4.00
035 ## - SYSTEM CONTROL NUMBER
System control number (BD-RjUL)71210
040 ## - CATALOGING SOURCE
Original cataloging agency BD-RjUL
Language of cataloging ben
Transcribing agency BD-RjUL
Modifying agency BD-RjUL
041 ## - LANGUAGE CODE
Language code of text/sound track or separate title ben
082 ## - DEWEY DECIMAL CLASSIFICATION NUMBER
Edition number 23
Classification number 891.441
Author mark and year BAA 1974
100 10 - MAIN ENTRY--PERSONAL NAME
Personal name বানু, নীলুফার
9 (RLIN) 210064
245 10 - TITLE STATEMENT
Title আনতাই পানতাই খরগরোশ = (Untai Pattaya Raggers) /
Statement of responsibility, etc. নীলুফার বানু
260 ## - PUBLICATION, DISTRIBUTION, ETC. (IMPRINT)
Place of publication, distribution, etc. ঢাকা :
Name of publisher, distributor, etc. বাংলা একাডেমী,
Date of publication, distribution, etc. ১৯৭৪
300 ## - PHYSICAL DESCRIPTION
Pagination ২৪ পৃ. :
Illustrations চিত্র ;
Size ২৪ সেমি.
650 ## - SUBJECT ADDED ENTRY--TOPICAL TERM
Topical term or geographic name as entry element বাংলা কবিতা
9 (RLIN) 210065
Topical term or geographic name as entry element Bengali poetry
9 (RLIN) 210066
942 ## - ADDED ENTRY ELEMENTS (KOHA)
Source of classification or shelving scheme Dewey Decimal Classification
Koha item type Books
Holdings
Lost status Source of classification or shelving scheme Damaged status Not for loan Collection code Permanent Location Current Location Shelving location Date acquired Source of acquisition Cost, normal purchase price Total Checkouts Full call number Date last seen Copy number Koha item type
  Dewey Decimal Classification   Not For Loan Non-fiction Central Library, University of Rajshahi Central Library, University of Rajshahi Reading Room 21/03/1981 Uraka Book agency 4.00   B 891.441 BAA 1974 23/04/2017 C-1 Books